Premier League Players Fractured - Statistics

General Stats
  • This quiz has been taken 174 times
  • The average score is 10 of 15
Answer Stats
Hint Answer % Correct
Jam heave hardy Jamie Vardy
94%
Rain ruin knee Wayne Rooney
92%
Mem fished eh pie Memphis Depay
84%
Rom hello caulk you Romelu Lukaku
82%
Robber toe fur mean hoe Roberto Firmino
79%
Woof freeds aw ha Wilfried Zaha
76%
Aw liffey hey chair rue Olivier Giroud
70%
Paw blouse ab aw letter Pablo Zabaleta
67%
All heck is hand chess Alexis Sanchez
66%
Perm hurt is hacker Per Mertesacker
64%
Has me herb egg oaf itch Asmir Begovic
60%
Semi home in yo lay Simon Mignolet
55%
Winds income penny Vincent Kompany
52%
Ode hen ick hollow Odion Ighalo
43%
Shin geo cass hockey Shinji Okazaki
28%
No matching quizzes found
Score Distribution
Percent of People with Each Score
Percentile by Number Answered
Your Score History
You have not taken this quiz